000 00902cas a22002771 4500
999 _c7680
_d7680
001 7680
003 BD-JhCC
005 20181003175221.0
008 781206c19569999iluuu 0 a0eng
035 _a(BD-JhCC)7680
040 _aDLC
_cDXU
_dDLC
_dOCLCQ
_dDLC
_dOCLCQ
_dOCLCF
_dOCLCO
_dOCL
_dBD-JhCC
041 _aeng
050 0 0 _aD410
_b.W645
082 0 _a905.8
_bWOR 1966
245 0 0 _aWorld topics year book 1966 /
_cTangley Oaks Educational Center.
260 _aLake Bluff, Ill.,
_bTangley Oaks Educational Center.
300 _av.
_bill., ports.
_c25 cm.
650 0 _aHistory, Modern
_y1945-1989
_vPeriodicals.
650 7 _aHistory, Modern.
655 7 _aPeriodicals.
_2fast
710 2 _aTangley Oaks Educational Center.
776 0 8 _iOnline version:
_tWorld topics year book
_w(OCoLC)741710640
942 _2ddc
_cBK